| Tag |
First Indicator |
Second Indicator |
Subfields |
| LEADER |
00000cam a22000008a 4500 |
| 001 |
in00000083851 |
| 005 |
20151008054324.0 |
| 008 |
801031s1981 tnua b 10000 engm |
| 010 |
|
|
|a 80027347
|
| 020 |
|
|
|a 0878700951 :
|c $24.95
|
| 035 |
|
|
|a (OCoLC)06943063
|
| 035 |
|
|
|9 AAJ0317AM
|
| 040 |
|
|
|a DLC
|c DLC
|d m.c.
|d TXA
|d UtOrBLW
|
| 049 |
|
|
|a TXAM
|c [1654853]
|
| 050 |
0 |
0 |
|a QC16.E5
|b A63
|
| 082 |
0 |
|
|a 530/.092/4
|2 19
|
| 245 |
0 |
0 |
|a After Einstein :
|b proceedings of the Einstein centennial celebration at Memphis State University, 14-16 March, 1979 /
|c edited by Peter Barker, Cecil G. Shugart.
|
| 263 |
|
|
|a 8111
|
| 264 |
|
1 |
|a Memphis :
|b Memphis State University Press,
|c 1981.
|
| 300 |
|
|
|a viii, 244 pages :
|b illustrations ;
|c 24 cm.
|
| 336 |
|
|
|a text
|b txt
|2 rdacontent
|
| 337 |
|
|
|a unmediated
|b n
|2 rdamedia
|
| 338 |
|
|
|a volume
|b nc
|2 rdacarrier
|
| 504 |
|
|
|a Includes bibliographical references.
|
| 600 |
1 |
0 |
|a Einstein, Albert,
|d 1879-1955
|x Congresses.
|
| 600 |
1 |
0 |
|a Einstein, Albert,
|d 1879-1955
|x Anniversaries, etc.
|
| 700 |
1 |
|
|a Einstein, Albert,
|d 1879-1955.
|
| 700 |
1 |
|
|a Barker, Peter,
|d 1949-
|
| 700 |
1 |
|
|a Shugart, Cecil G.,
|d 1930-
|
| 999 |
|
|
|a MARS
|
| 999 |
f |
f |
|s dff98704-b84a-3786-8e53-bc9aeac83e5c
|i a143d7f6-9339-3552-850e-36b27d8804b9
|t 0
|
| 952 |
f |
f |
|p ric
|a Texas A&M University
|b Rellis Campus
|c Joint Library Facility
|d Remote Storage
|t 0
|e QC16.E5 A63
|h Library of Congress classification
|i unmediated -- volume
|m A14806207110
|
| 998 |
f |
f |
|a QC16.E5 A63
|t 0
|l Remote Storage
|